Statistics for US States by shortest possible Type-In

Click here to take the quiz!

General Stats

  • This quiz has been taken 25 times
  • The average score is 28 of 50

Answers on the Map

Answers color-coded by a green-red scale on the quiz's map according to % correct below.
 

Answer Stats

Type-InState% Correct
^ALASKAAlaska
79%
^HAWAIIHawaii
79%
^TEXASTexas
79%
^CAL[AEI]FORNIACalifornia
75%
^IOWAIowa
71%
^MAINEMaine
71%
^N[AE]VADANevada
71%
^NEWMEXICONew Mexico
71%
^OR[AEO]GONOregon
71%
^AR[AEI]ZONAArizona
67%
^ARK[AEI]NSA[SW]Arkansas
67%
^COL[AEIO]RADOColorado
67%
^FLOR[AEI]DAFlorida
67%
^IDAHOIdaho
67%
^NEWYORKNew York
67%
^WYOMINGWyoming
67%
^AL[AEI]BAMAAlabama
63%
^MARYLANDMaryland
63%
^MICH[AEI]G[AEIOU]NMichigan
63%
^MONTANAMontana
63%
^NORTHDAKOTANorth Dakota
63%
^OHIOOhio
63%
^UTAHUtah
63%
^WASHINGTONWashington
63%
^DEL[AE]WAREDelaware
58%
^GEORGIAGeorgia
58%
^N[AE]BRASKANebraska
58%
^SOUTHDAKOTASouth Dakota
58%
^VERMONTVermont
58%
^VIRGINIAVirginia
58%
^WESTVIRGINIAWest Virginia
58%
^WISCONSINWisconsin
58%
^KANSASKansas
54%
^KENTUCKYKentucky
54%
^NORTHCAROLINANorth Carolina
54%
^SOUTHCAROLINASouth Carolina
54%
^INDIANAIndiana
50%
^OKL[AEIO]HOMAOklahoma
50%
^MIN[AEI]SO[DT]AMinnesota
38%
^MISISIPIMississippi
38%
^MIS[OU]RIMissouri
38%
^NHNew Hampshire
38%
^NJNew Jersey
38%
^PENS[AEIY]LVANIAPennsylvania
33%
^TEN[AEI]SEETennessee
33%
^L[OU]ISIANALouisiana
29%
^MASS[AEI]CHUS[EI]TSMassachusetts
25%
^CONNET[AEI]CUTConnecticut
21%
^ROADISLANDRhode Island
21%
^IL[AEI]N[OI]SIllinois
17%

Score Distribution

Percentile by Number Answered

Percent of People with Each Score

Your Score History

You have not taken this quiz